<?xml version="1.0" encoding="UTF-8"?>
<record
    xmlns:xsi="http://www.w3.org/2001/XMLSchema-instance"
    xsi:schemaLocation="http://www.loc.gov/MARC21/slim http://www.loc.gov/standards/marcxml/schema/MARC21slim.xsd"
    xmlns="http://www.loc.gov/MARC21/slim">

  <leader>02403nam a2200349   4500</leader>
  <controlfield tag="001">173</controlfield>
  <controlfield tag="003">OSt</controlfield>
  <controlfield tag="005">20250528074013.0</controlfield>
  <controlfield tag="008">250130b        |||||||g |||| 00| 1 eng d</controlfield>
  <datafield tag="020" ind1=" " ind2=" ">
    <subfield code="a">9788501061157</subfield>
  </datafield>
  <datafield tag="040" ind1=" " ind2=" ">
    <subfield code="b">por</subfield>
  </datafield>
  <datafield tag="041" ind1=" " ind2=" ">
    <subfield code="h">eng</subfield>
    <subfield code="a">por</subfield>
  </datafield>
  <datafield tag="082" ind1=" " ind2=" ">
    <subfield code="a">823</subfield>
    <subfield code="b">C821e</subfield>
  </datafield>
  <datafield tag="100" ind1="1" ind2=" ">
    <subfield code="a">Cornwell, Bernard,</subfield>
    <subfield code="d">1944-</subfield>
    <subfield code="9">324</subfield>
  </datafield>
  <datafield tag="240" ind1=" " ind2=" ">
    <subfield code="a">Excalibur</subfield>
  </datafield>
  <datafield tag="245" ind1=" " ind2=" ">
    <subfield code="a">Excalibur /</subfield>
    <subfield code="c">Cornwell, Bernard ; Tradu&#xE7;&#xE3;o de Alves Calado</subfield>
  </datafield>
  <datafield tag="250" ind1=" " ind2=" ">
    <subfield code="a">19&#xB0; edi&#xE7;&#xE3;o</subfield>
  </datafield>
  <datafield tag="260" ind1=" " ind2=" ">
    <subfield code="a">Rio de Janeiro</subfield>
    <subfield code="b">Record</subfield>
    <subfield code="c">2013</subfield>
  </datafield>
  <datafield tag="300" ind1=" " ind2=" ">
    <subfield code="a">532 p.</subfield>
  </datafield>
  <datafield tag="490" ind1="1" ind2=" ">
    <subfield code="a">As cr&#xF4;nicas de Artur</subfield>
    <subfield code="v">vol. 03</subfield>
  </datafield>
  <datafield tag="520" ind1=" " ind2=" ">
    <subfield code="a">Neste terceiro volume da s&#xE9;rie, iniciada com "O Rei do Inverno" e seq&#xFC;enciada por "O Inimigo de Deus", o escritor imerge o leitor em uma Brit&#xE2;nia cercada pela escurid&#xE3;o. E apresenta os &#xFA;ltimos esfor&#xE7;os de Artur pra combater os sax&#xF5;es e triunfar sobre um casamento e sonhos desfeitos. "Excalibur" mostra, ainda, o desespero de Merlin, o maior de todos os druidas, ao perceber a deser&#xE7;&#xE3;o dos antigos deuses bret&#xF5;es. Sem seu poder, Merlin acha imposs&#xED;vel combater os crist&#xE3;os, mais perigosos para a velha ilha do que uma horda de famintos guerreiros sax&#xF5;es. O livro traz v&#xED;vidas descri&#xE7;&#xF5;es de lutas de espada e estrat&#xE9;gias de guerra, misturadas com descri&#xE7;&#xF5;es da vida comum naqueles dias: longas barbas servindo como guardanapos, festivais pag&#xE3;os, com sacrif&#xED;cios de animais, e pragas corriqueiras, como piolhos. Tendo por narrador um sax&#xE3;o criado entre os bret&#xF5;es, Derfel, bra&#xE7;o direito de Artur, "Excalibur" acompanha os conflitos internos de Artur, rec&#xE9;m-separado da esposa, mas ainda apaixonado por sua rainha. Atacado por velhos inimigos, perseguido por novos perigos. Mas sempre empunhando a espada Excalibur, um dos Tesouros da Brit&#xE2;nia legados aos homens pelos antigos deuses dos druidas. Cornwell mostra, ainda, como as amea&#xE7;as vindas de todos os lados acabam fazendo com que Artur se volte para a religi&#xE3;o, chegando a batizar-se como crist&#xE3;o. Todos os sacrif&#xED;cios s&#xE3;o v&#xE1;lidos para salvar sua adorada Brit&#xE2;nia e conceder-lhe a t&#xE3;o almejada paz.</subfield>
  </datafield>
  <datafield tag="650" ind1=" " ind2="0">
    <subfield code="a">Literatura Inglesa</subfield>
    <subfield code="9">89</subfield>
  </datafield>
  <datafield tag="650" ind1=" " ind2="0">
    <subfield code="a">Mitologia </subfield>
    <subfield code="9">128</subfield>
  </datafield>
  <datafield tag="650" ind1=" " ind2="0">
    <subfield code="a">Fantasia</subfield>
    <subfield code="9">45</subfield>
  </datafield>
  <datafield tag="650" ind1=" " ind2="0">
    <subfield code="a">Aventura</subfield>
    <subfield code="9">47</subfield>
  </datafield>
  <datafield tag="650" ind1=" " ind2="0">
    <subfield code="a">Hist&#xF3;ria</subfield>
    <subfield code="9">116</subfield>
  </datafield>
  <datafield tag="655" ind1=" " ind2="0">
    <subfield code="a">Romance</subfield>
    <subfield code="9">23</subfield>
  </datafield>
  <datafield tag="655" ind1=" " ind2="0">
    <subfield code="a">Fic&#xE7;&#xE3;o </subfield>
    <subfield code="9">22</subfield>
  </datafield>
  <datafield tag="700" ind1=" " ind2=" ">
    <subfield code="a">Alves Calado</subfield>
    <subfield code="e">Tradutor</subfield>
    <subfield code="9">325</subfield>
  </datafield>
  <datafield tag="830" ind1=" " ind2=" ">
    <subfield code="a">As cr&#xF4;nicas de Artur</subfield>
    <subfield code="v">vol. 03</subfield>
    <subfield code="9">326</subfield>
  </datafield>
  <datafield tag="942" ind1=" " ind2=" ">
    <subfield code="2">ddc</subfield>
    <subfield code="n">0</subfield>
    <subfield code="c">BK</subfield>
  </datafield>
  <datafield tag="952" ind1=" " ind2=" ">
    <subfield code="0">0</subfield>
    <subfield code="1">0</subfield>
    <subfield code="2">ddc</subfield>
    <subfield code="3">vol. 03</subfield>
    <subfield code="4">0</subfield>
    <subfield code="7">0</subfield>
    <subfield code="8">FIC</subfield>
    <subfield code="a">BIBIB</subfield>
    <subfield code="b">BIBIB</subfield>
    <subfield code="c">LE</subfield>
    <subfield code="d">2021-01-06</subfield>
    <subfield code="e">doa&#xE7;&#xE3;o</subfield>
    <subfield code="l">0</subfield>
    <subfield code="o">823 / C821e</subfield>
    <subfield code="p">2025-16543</subfield>
    <subfield code="r">2025-01-30 08:38:02</subfield>
    <subfield code="t">Ex. 02</subfield>
    <subfield code="w">2025-01-30</subfield>
    <subfield code="y">BK</subfield>
  </datafield>
  <datafield tag="952" ind1=" " ind2=" ">
    <subfield code="0">0</subfield>
    <subfield code="1">0</subfield>
    <subfield code="2">ddc</subfield>
    <subfield code="3">vol. 03</subfield>
    <subfield code="4">0</subfield>
    <subfield code="7">0</subfield>
    <subfield code="8">FIC</subfield>
    <subfield code="a">BIBIB</subfield>
    <subfield code="b">BIBIB</subfield>
    <subfield code="c">LE</subfield>
    <subfield code="d">2021-01-18</subfield>
    <subfield code="e">doa&#xE7;&#xE3;o</subfield>
    <subfield code="l">0</subfield>
    <subfield code="o">823 / C821e</subfield>
    <subfield code="p">2025-17198</subfield>
    <subfield code="r">2025-01-30 08:38:02</subfield>
    <subfield code="t">Ex. 01</subfield>
    <subfield code="w">2025-01-30</subfield>
    <subfield code="y">BK</subfield>
  </datafield>
  <datafield tag="999" ind1=" " ind2=" ">
    <subfield code="c">173</subfield>
    <subfield code="d">173</subfield>
  </datafield>
</record>
